000 00491nam a2200169Ia 4500
008 191130s9999##################000#0#eng##
020 _a9780072967180
040 _aACL
_cACL
082 _a650.01513 SLA
100 _aSlater, Jeffrey
245 _aElectronic calculator guide for use with practical business math procedures
_cJeffrey Slater
250 _a8th ed
260 _aNew York
_bMcGraw-Hill
990 _acb50c0c5ac10000c41b08ab2c60c6694
991 _a362164
999 _c158450
_d158450